| 000 -LEADER | |
|---|---|
| fixed length control field | 00423nam a22001697a 4500 |
| 005 - DATE AND TIME OF LATEST TRANSACTION | |
| control field | 20180531121552.0 |
| 008 - FIXED-LENGTH DATA ELEMENTS--GENERAL INFORMATION | |
| fixed length control field | 160521b xxu||||| |||| 00| 0 eng d |
| 020 ## - INTERNATIONAL STANDARD BOOK NUMBER | |
| ISBN | 81-224-1433-8 |
| 041 ## - LANGUAGE CODE | |
| Language code of text/sound track or separate title | eng |
| 082 ## - DEWEY DECIMAL CLASSIFICATION NUMBER | |
| Item number | 3970 |
| Classification number | 519.5 |
| 100 ## - MAIN ENTRY--AUTHOR NAME | |
| Personal name | Sainivasa G & George, Deepa |
| 245 ## - TITLE STATEMENT | |
| Title | Business Mathematics and Statistics |
| 260 ## - PUBLICATION, DISTRIBUTION, ETC. (IMPRINT) | |
| Name of publisher | New off internal Ltd |
| 300 ## - PHYSICAL DESCRIPTION | |
| Number of Pages | 520 |
| 650 ## - SUBJECT ADDED ENTRY--TOPICAL TERM | |
| Topical Term | Management |
| 942 ## - ADDED ENTRY ELEMENTS (KOHA) | |
| Koha item type | Books |
| Lost status | Damaged status | Home library | Shelving location | Date acquired | Cost, normal purchase price | Full call number | Accession Number | Koha item type | Collection code | Current library | Source of acquisition |
|---|---|---|---|---|---|---|---|---|---|---|---|
| JRU Library | Shelf - 12 - L | 21/05/2016 | 225.00 | 519.5 | 3970 | Books | |||||
| JRU Library | SHELF-75-A | 21/05/2016 | 225.00 | 519.5 | 3971 | Books | MANAGEMENT | JRU Library | |||
| JRU Library | SHELF-48-D | 21/05/2016 | 225.00 | 519.5 | 3972 | Books | MANAGEMENT | JRU Library | PURCHASE |